| 000 | 01413nam0a2200325 4500 | ||
|---|---|---|---|
| 001 | RU\NLR\bibl\1360580 | ||
| 005 | 20250615183456.0 | ||
| 010 |
_a978-5-94780-155-2 _bв пер. _91000 |
||
| 021 |
_aRU _b2009-14824 _9879 |
||
| 035 | _a(nilc)RSL-KNO-004257218 | ||
| 035 | _a(NLR Aleph) 001352759 | ||
| 090 |
_a931472 _c931472 |
||
| 100 | _a20090311d2008 |||y0rusy50 ca | ||
| 101 | 0 | _arus | |
| 102 | _aRU | ||
| 105 | _ay zzzz||||| | ||
| 200 | 1 |
_aВерхотор начинался с завода _fГ. Р. Мичурина |
|
| 210 |
_aУфа _cИнформреклама _d2008 |
||
| 215 |
_a287 с. _cил., портр., табл., цв. ил. _d25 |
||
| 607 |
_aВерхотор, село (Башкирия) _92552992 _3RU\NLR\auth\661510574 |
||
| 610 | 0 | _aНауки о Земле -- Региональный раздел наук о Земле -- Российская Федерация -- Республика Башкортостан -- Ишимбайский район -- Верхотор, село -- Краеведческая характеристика | |
| 686 |
_aД9(2Р36-6Б-5Иши-2Верхотор)0,0 _2rubbk |
||
| 686 | _aТ3(2Р-6Б) | ||
| 700 | 1 |
_aМичурина _bГ. Р. _gГульназ Радиковна _4070 |
|
| 801 | 0 |
_aRU _bРКП _c20090311 _grcr |
|
| 801 | 1 |
_aRU _bРГБ _c20090311 |
|
| 801 | 2 |
_aRU _bNLR _c20090422 _grcr |
|
| 942 | _cBOOK | ||
| 980 | _aNB | ||